[Event "TUR-ch"]
[Site "Kemer"]
[Date "2011.02.06"]
[Round "3"]
[White "Turek, Ismet"]
[Black "Ozdemir, Murat"]
[Result "0-1"]
[WhiteElo "1644"]
[BlackElo "1752"]
[PlyCount "86"]
[EventDate "2011.02.05"]
[EventType "swiss"]
[EventRounds "10"]
[EventCountry "TUR"]
[SourceTitle "CBM 140 Extra"]
[Source "ChessBase"]
[SourceDate "2011.03.01"]
[SourceVersion "1"]
[SourceVersionDate "2011.03.01"]
[SourceQuality "1"]

1. e4 e5 2. Nf3 Nc6 3. Bb5 a6 4. Ba4 Nf6 5. d3 d6 6. c3 Be7 7. 0-0 0-0 8. Re1 Bg4 9. Nbd2 b5 10. Bb3 Na5 11. Bc2 c5 12. Nf1 Ra7 13. Ng3 Ne8 14. h3 Be6 15. d4 cxd4 16. cxd4 exd4 17. Nxd4 Bf6 18. Be3 Rc7 19. Nxe6 fxe6 20. Bb6 Nc4 21. Bxc7 Qxc7 22. Rb1 Bxb2 23. Re2 Qc5 24. Qd3 Bd4 25. Rf1 e5 26. Nf5 Qc7 27. Bb3 Bb6 28. Rc2 Kh8 29. Bxc4 bxc4 30. Rxc4 Qa7 31. Rc2 Bc5 32. Kh1 g6 33. Nh4 Ng7 34. Nf3 Nh5 35. Qc4 Rxf3 36. gxf3 Qd7 37. Rb1 Qxh3+ 38. Kg1 Ng3 39. Rb8+ Kg7 40. Qg8+ Kh6 41. Qxg6+ Kxg6 42. Rg8+ Kf7 43. Rxg3 Qxg3+ 0-1

[Event "Antalya op"]
[Site "Antalya"]
[Date "2011.01.16"]
[Round "7"]
[White "Ozdemir, Murat"]
[Black "Tahan, Umut Utku"]
[Result "1-0"]
[WhiteElo "1720"]
[BlackElo "1720"]
[PlyCount "67"]
[EventDate "2011.01.08"]
[EventType "swiss"]
[EventRounds "9"]
[EventCountry "TUR"]
[SourceTitle "EXT 2012"]
[Source "ChessBase"]
[SourceDate "2011.11.24"]
[SourceVersion "1"]
[SourceVersionDate "2011.11.24"]
[SourceQuality "1"]

1. d4 Nf6 2. c4 e6 3. Nf3 b6 4. Nc3 Bb7 5. Bg5 Be7 6. e3 0-0 7. Bd3 h6 8. Bh4 d5 9. Bxf6 Bxf6 10. cxd5 exd5 11. g4 Re8 12. h4 c5 13. g5 Bxd4 14. Qc2 h5 15. 0-0-0 Bxc3 16. bxc3 d4 17. Bh7+ Kf8 18. Rh3 Qe7 19. exd4 cxd4 20. Nxd4 Be4 21. Bxe4 Qxe4 22. Qd2 Na6 23. Re3 Qxh4 24. Nf5 Qg4 25. Qd6+ Kg8 26. Ne7+ Kh8 27. g6 f6 28. Rg3 Qe4 29. Rh3 Rxe7 30. Rxh5+ Kg8 31. Rh8+ Kxh8 32. Qh2+ Kg8 33. Qh7+ Kf8 34. Qh8# 1-0